000 00300nam a22001457a 4500
008 210311b ||||| |||| 00| 0 eng d
020 _a9781269388627
041 _aeng
080 _a510
082 _a510
100 _a36
101 _aMAT
245 _aComputer Math
_cPearson
942 _2udc
_cBK
999 _c56389
_d56389